| 000 | 00553cam a2200217ua 4500 | ||
|---|---|---|---|
| 001 | 7584 | ||
| 005 | 20260515114231.0 | ||
| 008 | 141217n ii |||gr||||Z||||||asm | ||
| 020 | _a9789382283706 | ||
| 040 | _cMAIN | ||
| 041 | _aasm | ||
| 082 | _a491.451 | ||
| 100 |
_aBaruah, A. Kr., _eAuthor. |
||
| 245 | 1 |
_aAsamiya bhasar bhasatattik adhyayan _cBy Anup Kr. Baruah |
|
| 250 | _a1st. | ||
| 260 |
_aDibrugarh: _bKaustabh, _c2014. |
||
| 300 | _a154p. | ||
| 653 | _aEast Indo-European & Celtic languages | ||
| 653 | _aAssamese language | ||
| 942 | _cBK | ||
| 999 |
_c6701 _d6701 |
||